| 000 | 01009cam a2200265 i 4500 | ||
|---|---|---|---|
| 001 | bg | ||
| 003 | KOSZ 005 | ||
| 005 | 20200515121336.0 | ||
| 008 | 960606s1987 pl a f |000 0 pol d | ||
| 040 | _cBPK | ||
| 041 |
_apol _beng _brus |
||
| 080 | _a666.98 | ||
| 100 | 1 |
_aKról, Mieczysław _d(1932-2009) _eAutor |
|
| 245 | 0 |
_aStudium technologii strunobetonu trwale prasowanego / _cMieczysław Król. |
|
| 260 |
_aLublin : _bWydaw. Uczelniane PL ; _c1987. |
||
| 300 |
_a149 s. : _bil. ; _c24 cm. |
||
| 490 | 1 |
_aPrace Naukowe Politechniki Lubelskiej. Budownictwo ; _vnr 24. |
|
| 500 | _aW serii gł. nr 161. | ||
| 650 | 4 | _aBeton sprężony | |
| 710 | 2 |
_aPolitechnika Lubelska. _bWydawnictwo Uczelniane. _4pbl. |
|
| 830 | 0 |
_aPrace Naukowe Politechniki Lubelskiej ; _v161 |
|
| 830 | 0 |
_aPrace Naukowe Politechniki Lubelskiej. _pBudownictwo ; _v24. |
|
| 856 |
_uhttp://koha.tu.koszalin.pl/cgi-bin/koha/opac-detail.pl?biblionumber=23974 _yKatalog online BPK |
||
| 942 |
_cKS _2UKD |
||
| 999 |
_c23974 _d23974 |
||